| 000 | 00518nam a22001817a 4500 | ||
|---|---|---|---|
| 005 | 20140804121012.0 | ||
| 010 | _aENG-109866 | ||
| 020 |
_c200.00 _a9789350450109 |
||
| 035 | _aEN-93399 | ||
| 037 | _bDBAD/PUB | ||
| 082 | _a891.4 | ||
| 100 | _aThiru, Kalyani | ||
| 245 | 0 | 0 |
_aBody poetics : _cby Kalyani Thiru _bmodern women's poetry / |
| 260 |
_aCalcatta _bWriters Workshop _c2010 |
||
| 270 |
_a162/92 Lake Gardens _bCalcutta _e700045 |
||
| 300 |
_a108p. _c22cm(Hb) |
||
| 942 |
_2ddc _cEN _mTHI _h891.4 |
||
| 999 |
_c84024 _d84024 |
||